| 000 | 00442 a2200193 4500 | ||
|---|---|---|---|
| 001 | 139589 | ||
| 040 | _cLeonardo Da Vinci | ||
| 041 | _aPortuguês | ||
| 082 |
_a869.93 A353ua _bA353ua |
||
| 100 | _aALENCAR, José de | ||
| 245 |
_aUbirajara _blenda Tupi |
||
| 250 | _a4.ed | ||
| 260 |
_bÁtica _c1976 _aSão Paulo |
||
| 300 | _a94 | ||
| 362 | _a19760000 | ||
| 490 | _aBom livro | ||
| 697 |
_aLiteratura _aRomance _aBrasil |
||
| 942 | _cBK | ||
| 999 |
_c139589 _d139589 |
||